Statistics for Word Scramble Sprint - Countries

Click here to take the quiz!

General Stats

  • This quiz has been taken 380 times
  • The average score is 14 of 20

Answer Stats

Country% Correct
Brazil
100%
Egypt
100%
Fiji
100%
Haiti
100%
India
100%
Iran
100%
Japan
100%
Togo
100%
Cuba
94%
Afghanistan
93%
Oman
93%
Chad
92%
Laos
92%
Montenegro
91%
Pakistan
91%
Malaysia
90%
Cyprus
89%
Syria
89%
Finland
88%
Peru
88%
Sudan
88%
Switzerland
88%
Iraq
87%
Malta
87%
Eritrea
86%
Mali
86%
Monaco
86%
Niger
86%
Belgium
85%
Ghana
85%
Kazakhstan
85%
Namibia
85%
Tuvalu
85%
Yemen
85%
China
83%
Moldova
83%
Mozambique
83%
Jamaica
82%
Libya
81%
France
80%
Gabon
80%
Georgia
80%
Greece
80%
Mongolia
80%
Paraguay
80%
Rwanda
80%
Tonga
80%
Mexico
79%
Nepal
79%
Malawi
78%
Vanuatu
78%
Algeria
77%
Jordan
77%
Luxembourg
77%
Myanmar
77%
Qatar
77%
Turkey
77%
Zambia
77%
Zimbabwe
77%
Canada
76%
Kenya
76%
Samoa
76%
Italy
75%
Kosovo
75%
Morocco
75%
Nauru
75%
Panama
75%
Senegal
75%
Tajikistan
75%
Bahrain
73%
Bangladesh
73%
Bolivia
73%
Ireland
73%
Botswana
72%
Djibouti
71%
Germany
71%
Israel
71%
Philippines
71%
Poland
71%
Slovakia
71%
Tanzania
71%
Bhutan
69%
Gambia
69%
Bahamas
67%
Belize
67%
Brunei
67%
Chile
67%
Colombia
67%
Kuwait
67%
Uruguay
67%
Seychelles
65%
Benin
64%
Denmark
64%
Grenada
64%
Latvia
64%
Portugal
64%
Spain
64%
Sweden
64%
Taiwan
64%
Burundi
63%
Hungary
63%
Palau
63%
Kiribati
60%
Kyrgyzstan
60%
Madagascar
60%
Venezuela
60%
Nigeria
58%
Guyana
57%
Slovenia
57%
Turkmenistan
57%
Estonia
56%
Somalia
56%
Angola
55%
Belarus
55%
Cameroon
55%
Liechtenstein
55%
Russia
55%
Vietnam
55%
Albania
53%
Andorra
53%
Azerbaijan
53%
Barbados
53%
Comoros
53%
Ethiopia
53%
Mauritius
53%
Thailand
53%
Tunisia
53%
Bulgaria
50%
Croatia
50%
Iceland
50%
Liberia
50%
Nicaragua
50%
Romania
50%
Guinea
46%
Armenia
45%
Serbia
44%
Swaziland
44%
Lesotho
43%
Uganda
43%
Argentina
42%
Maldives
42%
Norway
42%
Suriname
42%
Ukraine
42%
Guinea-Bissau
40%
Indonesia
40%
Singapore
40%
Australia
38%
Macedonia
36%
Uzbekistan
36%
Austria
33%
Cambodia
33%
Dominica
33%
Ecuador
33%
Guatemala
33%
Honduras
33%
Mauritania
33%
Netherlands
33%
Lebanon
29%
Lithuania
25%

Score Distribution

Percentile by Number Answered

Percent of People with Each Score

Your Score History

You have not taken this quiz